Eine Theorie des Kugellagermotors
| Titel: | Eine Theorie des Kugellagermotors / Tilmann Schneider ; Illustrator: Tilmann Schneider ; Herausgeber: Tilmann Schneider |
|---|---|
| Verfasser: | |
| Beteiligt: | ; |
| Ausgabe: | 2.12.2024 |
| Veröffentlicht: | Bonn : Tilmann Schneider, 2024 |
| Umfang: | 1 Online-Ressource |
| Format: | E-Book |
| Sprache: | Deutsch |
X
alg: 52521486 001A $06000:10-01-25 001B $01999:10-01-25 $t23:50:50.000 001D $06000:10-01-25 001U $0utf8 001X $00 002@ $0Oax 002C $aText $btxt $2rdacontent 002D $aComputermedien $bc $2rdamedia 002E $aOnline-Ressource $bcr $2rdacarrier 003@ $0525214860 004U $0urn:nbn:de:101:1-2412021827329.979492724103 006G $01350097578 006U $025,O01 $f20241202 007A $01350097578 $aDNB 009Q $uhttps://nbn-resolving.org/urn:nbn:de:101:1-2412021827329.979492724103 $xR 009Q $qapplication/pdf $S0 $uhttps://www.relativistische-asynchronmaschine.de/Kugellagermotor_de.pdf $xH 010@ $ager 011@ $a2024 $n2024 021A $aEine @Theorie des Kugellagermotors $hTilmann Schneider ; Illustrator: Tilmann Schneider ; Herausgeber: Tilmann Schneider 028A $aSchneider $BVerfasser $dTilmann $4aut 028C $aSchneider $BHerausgeber $dTilmann $4edt 028C $aSchneider $BIllustrator $dTilmann $4ill 032@ $a2.12.2024 033A $pBonn $nTilmann Schneider 034D $a1 Online-Ressource 044K $qDNB $RPraxis $#Theory (Philosophy) $#Théorie (philosophie) $#Theorie $#Theorie $emaschinell gebildet $74059787-8 $8Theorie [Tsz] $9085166316 $k0,08776 045B $a005.8 $ADNB $e23kdnb $Emaschinell gebildet $K0,04314 045E $c004 046X $aArchivierung/Langzeitarchivierung gewährleistet $5DE-101 046Y $aOhne Altersbeschränkung lok: 52521486 3 exp: 52521486 3 1 #EPN 201B/01 $010-01-25 $t23:50:50.317 201C/01 $010-01-25 201U/01 $0utf8 203@/01 $0128855687X 208@/01 $a10-01-25 $bl 209S/01 $S0 $uhttps://www.relativistische-asynchronmaschine.de/Kugellagermotor_de.pdf $XH lok: 52521486 5 exp: 52521486 5 1 #EPN 201B/01 $010-01-25 $t23:50:50.320 201C/01 $010-01-25 201U/01 $0utf8 203@/01 $01288556888 208@/01 $a10-01-25 $bl 209S/01 $S0 $uhttps://www.relativistische-asynchronmaschine.de/Kugellagermotor_de.pdf $XH lok: 52521486 8 exp: 52521486 8 1 #EPN 201B/01 $010-01-25 $t23:50:50.323 201C/01 $010-01-25 201U/01 $0utf8 203@/01 $01288556896 208@/01 $a10-01-25 $bl 209S/01 $S0 $uhttps://www.relativistische-asynchronmaschine.de/Kugellagermotor_de.pdf $XH lok: 52521486 10 exp: 52521486 10 1 #EPN 201B/01 $010-01-25 $t23:50:50.325 201C/01 $010-01-25 201U/01 $0utf8 203@/01 $0128855690X 208@/01 $a10-01-25 $bl 209S/01 $S0 $uhttps://www.relativistische-asynchronmaschine.de/Kugellagermotor_de.pdf $XH lok: 52521486 11 exp: 52521486 11 1 #EPN 201B/01 $010-01-25 $t23:50:50.328 201C/01 $010-01-25 201U/01 $0utf8 203@/01 $01288556918 208@/01 $a10-01-25 $bl 209S/01 $S0 $uhttps://www.relativistische-asynchronmaschine.de/Kugellagermotor_de.pdf $XH lok: 52521486 20 exp: 52521486 20 1 #EPN 201B/01 $010-01-25 $t23:50:50.331 201C/01 $010-01-25 201U/01 $0utf8 203@/01 $01288556926 208@/01 $a10-01-25 $bl 209S/01 $S0 $uhttps://www.relativistische-asynchronmaschine.de/Kugellagermotor_de.pdf $XH lok: 52521486 21 exp: 52521486 21 1 #EPN 201B/01 $010-01-25 $t23:50:50.333 201C/01 $010-01-25 201U/01 $0utf8 203@/01 $01288556934 208@/01 $a10-01-25 $bl 209S/01 $S0 $uhttps://www.relativistische-asynchronmaschine.de/Kugellagermotor_de.pdf $XH lok: 52521486 23 exp: 52521486 23 1 #EPN 201B/01 $010-01-25 $t23:50:50.335 201C/01 $010-01-25 201U/01 $0utf8 203@/01 $01288556942 208@/01 $a10-01-25 $bl 209S/01 $S0 $uhttps://www.relativistische-asynchronmaschine.de/Kugellagermotor_de.pdf $XH lok: 52521486 25 exp: 52521486 25 1 #EPN 201B/01 $010-01-25 $t23:50:50.338 201C/01 $010-01-25 201U/01 $0utf8 203@/01 $01288556950 208@/01 $a10-01-25 $bl 209S/01 $S0 $uhttps://www.relativistische-asynchronmaschine.de/Kugellagermotor_de.pdf $XH lok: 52521486 36 exp: 52521486 36 1 #EPN 201B/01 $010-01-25 $t23:50:50.340 201C/01 $010-01-25 201U/01 $0utf8 203@/01 $01288556969 208@/01 $a10-01-25 $bl 209S/01 $S0 $uhttps://www.relativistische-asynchronmaschine.de/Kugellagermotor_de.pdf $XH lok: 52521486 108 exp: 52521486 108 1 #EPN 201B/01 $010-01-25 $t23:50:50.343 201C/01 $010-01-25 201U/01 $0utf8 203@/01 $01288556977 208@/01 $a10-01-25 $bl 209S/01 $S0 $uhttps://www.relativistische-asynchronmaschine.de/Kugellagermotor_de.pdf $XH lok: 52521486 204 exp: 52521486 204 1 #EPN 201B/01 $010-01-25 $t23:50:50.371 201C/01 $010-01-25 201U/01 $0utf8 203@/01 $01288556985 208@/01 $a10-01-25 $bl 209S/01 $S0 $uhttps://www.relativistische-asynchronmaschine.de/Kugellagermotor_de.pdf $XH lok: 52521486 205 exp: 52521486 205 1 #EPN 201B/01 $010-01-25 $t23:50:50.374 201C/01 $010-01-25 201U/01 $0utf8 203@/01 $01288556993 208@/01 $a10-01-25 $bl 209S/01 $S0 $uhttps://www.relativistische-asynchronmaschine.de/Kugellagermotor_de.pdf $XH
| LEADER | 00000cam a22000002c 4500 | ||
|---|---|---|---|
| 001 | 525214860 | ||
| 003 | DE-603 | ||
| 005 | 20250110235050.0 | ||
| 007 | cr|||||||||||| | ||
| 008 | 250110s2024 xx |||| o| u00||u|ger | ||
| 015 | |a 25,O01 |2 dnb | ||
| 016 | 7 | |2 DE-101 |a 1350097578 | |
| 024 | 7 | |a urn:nbn:de:101:1-2412021827329.979492724103 |2 urn | |
| 035 | |a (DE-599)DNB1350097578 | ||
| 040 | |a DE-603 |b ger |c DE-603 |d DE-603 | ||
| 041 | |a ger | ||
| 082 | 7 | |8 2\p |a 005.8 |2 23kdnb | |
| 084 | |a 004 |q DE-101 |2 sdnb | ||
| 100 | 1 | |a Schneider, Tilmann |e Verfasser |4 aut | |
| 245 | 0 | 0 | |a Eine Theorie des Kugellagermotors |c Tilmann Schneider ; Illustrator: Tilmann Schneider ; Herausgeber: Tilmann Schneider |
| 250 | |a 2.12.2024 | ||
| 264 | 1 | |a Bonn |b Tilmann Schneider |c 2024 | |
| 300 | |a 1 Online-Ressource | ||
| 336 | |a Text |b txt |2 rdacontent | ||
| 337 | |a Computermedien |b c |2 rdamedia | ||
| 338 | |a Online-Ressource |b cr |2 rdacarrier | ||
| 521 | 8 | |a Ohne Altersbeschränkung | |
| 650 | 7 | |8 1\p |a Theorie |0 (DE-588)4059787-8 |0 (DE-603)085166316 |2 gnd | |
| 700 | 1 | |a Schneider, Tilmann |e Herausgeber |4 edt | |
| 700 | 1 | |a Schneider, Tilmann |e Illustrator |4 ill | |
| 856 | |u https://nbn-resolving.org/urn:nbn:de:101:1-2412021827329.979492724103 |x Resolving-System | ||
| 856 | |q application/pdf |u https://www.relativistische-asynchronmaschine.de/Kugellagermotor_de.pdf |x Verlag |z kostenfrei | ||
| 883 | 0 | |8 1\p |a maschinell gebildet |c 0,08776 |q DE-101 | |
| 883 | 0 | |8 2\p |a maschinell gebildet |c 0,04314 |q DE-101 | |
| 924 | 1 | |9 603 |a (DE-603)128855687X |b DE-603 |c HES |d d | |
| 924 | 1 | |9 603 |a (DE-603)1288556888 |b DE-603 |c HES |d d | |
| 924 | 1 | |9 603 |a (DE-603)1288556896 |b DE-603 |c HES |d d | |
| 924 | 1 | |9 603 |a (DE-603)128855690X |b DE-603 |c HES |d d | |
| 924 | 1 | |9 603 |a (DE-603)1288556918 |b DE-603 |c HES |d d | |
| 924 | 1 | |9 603 |a (DE-603)1288556926 |b DE-603 |c HES |d d | |
| 924 | 1 | |9 603 |a (DE-603)1288556934 |b DE-603 |c HES |d d | |
| 924 | 1 | |9 603 |a (DE-603)1288556942 |b DE-603 |c HES |d d | |
| 924 | 1 | |9 603 |a (DE-603)1288556950 |b DE-603 |c HES |d d | |
| 924 | 1 | |9 603 |a (DE-603)1288556969 |b DE-603 |c HES |d d | |
| 924 | 1 | |9 603 |a (DE-603)1288556977 |b DE-603 |c HES |d d | |
| 924 | 1 | |9 603 |a (DE-603)1288556985 |b DE-603 |c HES |d d | |
| 924 | 1 | |9 603 |a (DE-603)1288556993 |b DE-603 |c HES |d d | |